Statistics for Голмайсторите от финалите на Шампионската лига

Click here to take the quiz!

General Stats

  • This quiz has been taken 41 times
    (14 since last reset)
  • The average score is 27 of 65

Answer Stats

Answer% Correct
Родри
89%
Винисиус
89%
Бейл
78%
Роналдо
78%
Меси
78%
Ето'о
78%
Бензема
78%
Салах
78%
Неймар
67%
Суарес
67%
Алонсо
67%
Робен
67%
Манджукич
67%
Дрогба
67%
Мюлер
67%
Рууни
67%
Милито
67%
Ориги
67%
Хавертц
67%
Рамос
67%
Индзаги
67%
Каземиро
56%
Виля
56%
Коман
56%
Педро
56%
Мане
56%
Шерингам
44%
Деко
44%
Ракитич
44%
Раул
44%
Лампард
44%
Караско
44%
Асенсио
44%
Зидан
44%
Малдини
44%
Годин
44%
Кайт
33%
Миятович
33%
Мората
33%
Марсело
33%
Баслер
33%
Литманен
22%
Ридле
22%
Раванели
22%
Дел Пиеро
22%
Десаи
22%
Савичевич
22%
Боли
22%
Креспо
22%
Мориентес
22%
Джерард
22%
Мендиета
22%
Ефенберг
22%
Масаро
22%
Рикен
11%
Кямбъл
11%
Белети
11%
Гюндоган
11%
Солскяр
11%
Лусио
0%
Смицер
0%
Клуиверт
0%
Макманаман
0%
Аленичев
0%
Алберто
0%

Score Distribution

Percentile by Number Answered

Percent of People with Each Score

Your Score History

You have not taken this quiz since the last reset